Представление документа в формате MARC21

Поле Инд. ПП Название Значение
Тип записи a
Библиографический уровень b
001 Контрольный номер RU/IS/BASE/257350386
005 Дата корректировки 20200529173514.3
008 Кодируемые данные 20080226
040 b Код языка каталог. rus
e Правила каталог. PSBO
041 0_ a Код языка текста rus
084 a Индекс другой классификации/Индекс ББК 83.3(2=411.2)5
100 1_ a Автор Матвеева Ю. А.
100 1_ a Автор Сомов О. М.
q Полное имя Сомов Орест Михайлович
245 10 a Заглавие Эпизоды в истории издания "Литературной газеты" и альманаха "Подснежник"
504 a Библиография Библиогр. - Примеч.: с. 139
520 0_ a Аннотация Письма О.М. Сомова, издателя и редактора альманах "Северная пчела", сотрудника газеты "Северная пчела" и "Сын Отечества" к Ф.Н. Глинке
600 14 a Персоналии Сомов Орест Михайлович
a Персоналии Глинка Федор Николаевич
650 04 a Основная рубрика история литературы
a Основная рубрика литературоведение
a Основная рубрика филологические науки
653 1_ a Ключевые слова XIX век
a Ключевые слова журналы
a Ключевые слова периодическая печать
a Ключевые слова русская литература
773 0_ t Заглавие источника Вестник Московского университета. Серия 9, Филология
d Дата издания источника 2007
g Прочая информация № 2. - С. 136 - 139
w Контрольный № источника RU/IS/BASE/236181942
901 t Тип документа b